000 01283nam a2200241 a 4500
008 090827s2006 ||||||||||||||||| || u
020 _a0073109177
050 _aHD 6958.5 Lab
100 _aBrofsky, Keith
245 1 0 _aLabor-management relations 2005/2006
_ccompiled by John Overby
246 _aAnnual editions: labor-management relations 2005/2006
250 _a1st ed.
260 _aDubuque, IA
_bMcGraw-Hill
_c2006
300 _axx, 219p.: ill.
350 _a0.00
650 0 _aMANAGEMENT
650 _aINDUSTRIAL RELATIONS--PERIODICALS
700 _aOverby, John
995 _aMAIN LIBRARY OPEN ACCESS
_D0.00
_e740322
_FCBU-MAIN LIBRARY (Kitwe)
_H1
_I0.00
_jHD 6958.5 LAB
_M3
_UAVAILABLE
_WAug 27, 2009
_y740322
_ZMain Library Open Access Collection
995 _aANNEX COLLECTION (Main Library)
_D0.00
_e740320
_FCBU-MAIN LIBRARY (Kitwe)
_H1
_I0.00
_jHD 6958.5 LAB
_M1
_UAVAILABLE
_WAug 27, 2009
_y740320
_ZAnnex Low-Usage Collection
995 _aMAIN LIBRARY OPEN ACCESS
_D0.00
_e740321
_FCBU-MAIN LIBRARY (Kitwe)
_H1
_I0.00
_jHD 6958.5 LAB
_M2
_UAVAILABLE
_WAug 27, 2009
_y740321
_ZMain Library Open Access Collection
995 _aANNEX COLLECTION (Main Library)
_D0.00
_e740323
_FCBU-MAIN LIBRARY (Kitwe)
_H1
_I0.00
_jHD 6958.5 LAB
_M4
_UAVAILABLE
_WAug 27, 2009
_y740323
_ZAnnex Low-Usage Collection
999 _c80557
_d80557